Normal view
MARC view
Entry Personal Name
001 - CONTROL NUMBER
- control field: 342814
003 - CONTROL NUMBER IDENTIFIER
- control field: OSt
005 - DATE AND TIME OF LATEST TRANSACTION
- control field: 20220926035834.0
008 - FIXED-LENGTH DATA ELEMENTS
- fixed length control field: 220926|| aca||aabn | a|a d
040 ## - CATALOGING SOURCE
- Original cataloging agency: OSt
- Transcribing agency: OSt
100 ## - HEADING--PERSONAL NAME
- Personal name: Menger Care
670 ## - SOURCE DATA FOUND
- Source citation: Work cat.: (OSt)663160: Menger Care, Essays in European Economic thought. Ed. & Tr. by, 1960
